00353nam a2200145Ia 4500008004100000020001800041041000800059082001700067100001100084245004600095260001400141300001100155650002500166650001600191210719s2004 xx 000 0 und d a92-806-3796-7 aeng a362.795 UNIM aUNICEF aMapping Indias children: UNICEF in action aUSAc2004 a64bPB aProblems of Children aSocial Work